[Event "WchT Seniors 50"]
[Site "Struga"]
[Date "2023.09.24"]
[Round "6.4"]
[White "Hewson, Brian Wr"]
[Black "Masternak, Grzegorz"]
[Result "1-0"]
[WhiteElo "2023"]
[BlackElo "2314"]
[PlyCount "100"]
[EventDate "2023.09.19"]
[EventType "team-swiss"]
[EventRounds "9"]
[EventCountry "MKD"]
[SourceTitle "EXT 2024"]
[Source "ChessBase"]
[SourceDate "2023.10.10"]
[SourceVersion "1"]
[SourceVersionDate "2023.10.10"]
[SourceQuality "1"]
[WhiteTeam "England 50 III"]
[BlackTeam "Poland 50"]
[WhiteTeamCountry "ENG"]
[BlackTeamCountry "POL"]

1. d4 d5 2. Nf3 Nf6 3. c4 e6 4. Nc3 c6 5. e3 Be7 6. Bd3 0-0 7. 0-0 b6 8. e4 dxe4 9. Nxe4 Nbd7 10. Bf4 Nxe4 11. Bxe4 Bb7 12. Qe2 Nf6 13. Bc2 Nh5 14. Be5 g6 15. Rad1 Bd6 16. Qe3 f6 17. Bxd6 Qxd6 18. Rfe1 Rfe8 19. c5 Qc7 20. Bb3 Nf4 21. h4 Rad8 22. g3 Nd5 23. Qh6 bxc5 24. dxc5 e5 25. Nd2 Qg7 26. Qxg7+ Kxg7 27. Ne4 Re7 28. Nd6 Ba8 29. Rd2 Rb8 30. Rde2 Bb7 31. Bc4 Bc8 32. Nxc8 Rxc8 33. Rd2 Rd8 34. Red1 Red7 35. b4 Rb8 36. b5 Re7 37. bxc6 Nb4 38. Rd7 Nxc6 39. Rxe7+ Nxe7 40. Rd7 Kf8 41. Rxa7 Rc8 42. Ra5 Nc6 43. Ra6 Nd4 44. Rxf6+ Ke7 45. Rf7+ Ke8 46. Rxh7 Rxc5 47. Bf7+ Kf8 48. Bxg6 Ra5 49. Rf7+ Kg8 50. Re7 Rxa2 1-0

[Event "Wch Blitz"]
[Site "Warsaw"]
[Date "2021.12.30"]
[Round "13"]
[White "Lopusiewicz, Piotr"]
[Black "Masternak, Grzegorz"]
[Result "0-1"]
[WhiteElo "2301"]
[BlackElo "2330"]
[PlyCount "90"]
[EventDate "2021.12.29"]
[EventType "swiss (blitz)"]
[EventRounds "21"]
[EventCountry "POL"]
[SourceTitle "CBM 205 Extra"]
[Source "ChessBase"]
[SourceDate "2022.01.31"]
[SourceVersion "1"]
[SourceVersionDate "2022.01.31"]
[SourceQuality "1"]

1. d4 d5 2. c4 e6 3. Nf3 Nf6 4. Nc3 Bb4 5. Bg5 Nbd7 6. cxd5 exd5 7. e3 c5 8. Bd3 Qa5 9. 0-0 c4 10. Bc2 Bxc3 11. bxc3 0-0 12. Ne5 Nxe5 13. dxe5 Ne4 14. Bxe4 dxe4 15. Qd4 Be6 16. Be7 Rfe8 17. Bb4 Qd5 18. Qxd5 Bxd5 19. Bd6 f5 20. Rfd1 Bc6 21. Rd4 b5 22. a4 a6 23. a5 Kf7 24. Rf1 Ke6 25. f3 Rad8 26. Kf2 Rd7 27. Rg1 g6 28. h3 h5 29. g4 fxg4 30. f4 Rh7 31. Rdd1 Kf5 32. Bc5 Rd7 33. Rxd7 Bxd7 34. hxg4+ hxg4 35. Rd1 Be6 36. Rd6 Rh8 37. Rxa6 Rh2+ 38. Kf1 Rc2 39. Ra8 g3 40. Rf8+ Kg4 41. f5 gxf5 42. Rf6 Kf3 43. Ke1 g2 44. Rg6 Rc1+ 45. Kd2 g1Q 0-1

[Event "Wch Blitz"]
[Site "Warsaw"]
[Date "2021.12.30"]
[Round "16"]
[White "Lubczynski, Rafal"]
[Black "Masternak, Grzegorz"]
[Result "1/2-1/2"]
[WhiteElo "2413"]
[BlackElo "2330"]
[PlyCount "119"]
[EventDate "2021.12.29"]
[EventType "swiss (blitz)"]
[EventRounds "21"]
[EventCountry "POL"]
[SourceTitle "CBM 205 Extra"]
[Source "ChessBase"]
[SourceDate "2022.01.31"]
[SourceVersion "1"]
[SourceVersionDate "2022.01.31"]
[SourceQuality "1"]

1. Nf3 d5 2. c4 e6 3. g3 Nf6 4. Bg2 Be7 5. 0-0 0-0 6. d4 dxc4 7. Qa4 a6 8. Qxc4 b5 9. Qc2 Bb7 10. Bg5 Be4 11. Qc1 Nbd7 12. Nbd2 Bb7 13. Nb3 Rc8 14. Na5 Ba8 15. Nc6 Bxc6 16. Qxc6 Nb8 17. Qb7 c5 18. Rfd1 Rc7 19. Qa8 Qd5 20. Qxd5 Nxd5 21. Bxe7 Nxe7 22. a4 b4 23. Rac1 c4 24. Ne5 Rfc8 25. Rc2 b3 26. Rc3 Nd5 27. Bxd5 exd5 28. Ng4 Nd7 29. Ne3 Nb6 30. Ra1 a5 31. Nd1 Re7 32. Kf1 f5 33. e3 Kf7 34. Rcc1 g5 35. Nc3 h5 36. Kg2 Ke6 37. Rh1 Kd6 38. h4 g4 39. Rhf1 Rf8 40. Rae1 Nd7 41. f3 Nf6 42. fxg4 Nxg4 43. Rf3 Rfe8 44. Nd1 Ke6 45. Kf1 Nh2+ 46. Ke2 Nxf3 47. Kxf3 Rg7 48. Nc3 Reg8 49. Ne2 Rg4 50. Nf4+ Rxf4+ 51. exf4+ Kd6 52. Re3 Rg6 53. Re5 Rf6 54. Ke2 Rf8 55. Kd2 Rf7 56. Kc3 Rf8 57. Re3 Rf7 58. Re8 Re7 59. Rxe7 Kxe7 60. Kd2 1/2-1/2

[Event "Wch Blitz"]
[Site "Warsaw"]
[Date "2021.12.30"]
[Round "17"]
[White "Masternak, Grzegorz"]
[Black "Janik, Igor"]
[Result "0-1"]
[WhiteElo "2330"]
[BlackElo "2525"]
[PlyCount "46"]
[EventDate "2021.12.29"]
[EventType "swiss (blitz)"]
[EventRounds "21"]
[EventCountry "POL"]
[SourceTitle "CBM 205 Extra"]
[Source "ChessBase"]
[SourceDate "2022.01.31"]
[SourceVersion "1"]
[SourceVersionDate "2022.01.31"]
[SourceQuality "1"]

1. e4 c6 2. d3 d5 3. Nd2 g6 4. g3 Bg7 5. Bg2 Nf6 6. f4 dxe4 7. Nxe4 0-0 8. Ne2 Qb6 9. N2c3 Nxe4 10. dxe4 Rd8 11. Qe2 Na6 12. a3 Be6 13. h4 h5 14. Bf3 Bxc3+ 15. bxc3 Qc5 16. Rb1 Rd7 17. Be3 Qxc3+ 18. Kf2 Bc4 19. Qe1 Qxc2+ 20. Kg1 Rad8 21. Rh2 Qa4 22. f5 Bd3 23. Rc1 Bxe4 0-1

[Event "Wch Blitz"]
[Site "Warsaw"]
[Date "2021.12.29"]
[Round "10"]
[White "Gdanski, Jacek"]
[Black "Masternak, Grzegorz"]
[Result "1-0"]
[WhiteElo "2499"]
[BlackElo "2330"]
[PlyCount "95"]
[EventDate "2021.12.29"]
[EventType "swiss (blitz)"]
[EventRounds "21"]
[EventCountry "POL"]
[SourceTitle "CBM 205 Extra"]
[Source "ChessBase"]
[SourceDate "2022.01.31"]
[SourceVersion "1"]
[SourceVersionDate "2022.01.31"]
[SourceQuality "1"]

1. e4 d6 2. d4 Nf6 3. Nc3 e5 4. dxe5 dxe5 5. Qxd8+ Kxd8 6. Bc4 Be6 7. Bxe6 fxe6 8. f3 Bd6 9. Be3 Nc6 10. Nh3 a6 11. Nf2 h6 12. 0-0-0 Ke7 13. Na4 Nd7 14. Nd3 b5 15. Nac5 Nxc5 16. Nxc5 Rhd8 17. c3 Bxc5 18. Bxc5+ Kf7 19. Kc2 Ke8 20. a4 Rab8 21. axb5 axb5 22. Rxd8+ Rxd8 23. Ra1 Rb8 24. b4 Kd7 25. Rd1+ Ke8 26. h4 Ra8 27. Kb3 g6 28. h5 g5 29. Rd2 Rb8 30. c4 bxc4+ 31. Kxc4 Ra8 32. Kb5 Nd8 33. Bf2 Rb8+ 34. Kc4 Nf7 35. Bc5 Nd8 36. Ra2 Nf7 37. Ra7 Kd7 38. b5 Nd6+ 39. Bxd6 Kxd6 40. Ra6+ Kd7 41. Kc5 g4 42. fxg4 Rg8 43. Ra7 Rxg4 44. b6 Rxg2 45. Rxc7+ Kd8 46. Rh7 Rc2+ 47. Kd6 Rb2 48. Rh8# 1-0

[Event "Wch Blitz"]
[Site "Warsaw"]
[Date "2021.12.29"]
[Round "8"]
[White "Gluszko, Tomasz"]
[Black "Masternak, Grzegorz"]
[Result "1-0"]
[WhiteElo "2192"]
[BlackElo "2330"]
[PlyCount "85"]
[EventDate "2021.12.29"]
[EventType "swiss (blitz)"]
[EventRounds "21"]
[EventCountry "POL"]
[SourceTitle "CBM 205 Extra"]
[Source "ChessBase"]
[SourceDate "2022.01.31"]
[SourceVersion "1"]
[SourceVersionDate "2022.01.31"]
[SourceQuality "1"]

1. e4 e6 2. d4 d5 3. Bd3 Nf6 4. e5 Nfd7 5. c3 c5 6. Nf3 Nc6 7. 0-0 Qb6 8. Bc2 Be7 9. Re1 cxd4 10. cxd4 Nb4 11. Bb3 f6 12. exf6 Nxf6 13. Nc3 0-0 14. Bg5 Nc6 15. Qd3 Bd7 16. Rad1 Rae8 17. Bh4 Bd6 18. Bg3 Bxg3 19. hxg3 Re7 20. Na4 Qd8 21. Nc5 Bc8 22. a3 b6 23. Na4 Qd6 24. Rc1 Bd7 25. Nc3 Be8 26. Ne5 Nd8 27. Bc2 g6 28. g4 Nd7 29. Re3 Nxe5 30. dxe5 Qd7 31. Ne2 g5 32. Qd2 Rg7 33. Rc3 Qb5 34. Nd4 Qa6 35. Bb1 h6 36. Bd3 Qb7 37. Qc2 Rgf7 38. f3 Rg7 39. Rc7 Rxc7 40. Qxc7 Qxc7 41. Rxc7 Rf7 42. Rc8 Rd7 43. Bb5 1-0

[Event "EU-ch Blitz"]
[Site "Katowice"]
[Date "2021.12.17"]
[Round "21"]
[White "Masternak, Grzegorz"]
[Black "Kosakowski, Jakub"]
[Result "0-1"]
[WhiteElo "2330"]
[BlackElo "2437"]
[PlyCount "46"]
[EventDate "2021.12.17"]
[EventType "swiss (blitz)"]
[EventRounds "22"]
[EventCountry "POL"]
[SourceTitle "CBM 205 Extra"]
[Source "ChessBase"]
[SourceDate "2022.01.31"]
[SourceVersion "1"]
[SourceVersionDate "2022.01.31"]
[SourceQuality "1"]

1. e4 c5 2. Nc3 Nc6 3. g3 g6 4. Bg2 Bg7 5. d3 d6 6. Be3 Rb8 7. Qd2 b5 8. Nge2 b4 9. Nd1 Nd4 10. 0-0 e6 11. Nc1 Ne7 12. c3 bxc3 13. bxc3 Ndc6 14. Bh6 0-0 15. Bxg7 Kxg7 16. Ne3 Ba6 17. f4 f5 18. Ne2 d5 19. exd5 exd5 20. Rfe1 Qd6 21. Rab1 Rfe8 22. Nc2 Ng8 23. d4 Rxb1 0-1

[Event "World Corporate East C"]
[Site "Chess.com INT"]
[Date "2021.02.19"]
[Round "2.2"]
[White "Nayak, Biswajit"]
[Black "Masternak, Grzegorz"]
[Result "0-1"]
[WhiteElo "1990"]
[BlackElo "2330"]
[PlyCount "104"]
[EventDate "2021.02.19"]
[EventType "team (rapid)"]
[EventRounds "7"]
[EventCountry "USA"]
[SourceTitle "EXT 2022"]
[Source "ChessBase"]
[SourceDate "2021.10.06"]
[SourceVersion "1"]
[SourceVersionDate "2021.10.06"]
[SourceQuality "1"]
[WhiteTeam "E Zest Solutions"]
[BlackTeam "WASKO"]
[WhiteTeamCountry "IND"]
[BlackTeamCountry "POL"]

1. e4 e6 2. d4 d5 3. Nd2 Nf6 4. e5 Nfd7 5. Bd3 c5 6. c3 Nc6 7. Ne2 cxd4 8. cxd4 f6 9. exf6 Nxf6 10. 0-0 Bd6 11. Nf3 Qc7 12. Bg5 0-0 13. Nc3 Qf7 14. Rc1 Bd7 15. Bh4 Qh5 16. Bg3 Bxg3 17. hxg3 Ng4 18. Re1 Rxf3 19. Qxf3 Nxd4 20. Bxh7+ Kh8 21. Qxg4 Qxg4 22. Bb1 Rf8 23. Rcd1 a6 24. Rd2 Rf6 25. Nd1 Nf5 26. Bxf5 Qxf5 27. Ne3 Qe4 28. f3 Qb4 29. Rde2 Bb5 30. a3 Qa5 31. b4 Qxa3 32. Rc2 Qxb4 33. Kf2 Bc4 34. g4 b5 35. g5 Rf8 36. Ng4 d4 37. Rd1 d3 38. Rcd2 Qc5+ 39. Kg3 Qxg5 40. Rh1+ Kg8 41. Rdd1 e5 42. Rde1 Qf4+ 43. Kh3 Rf5 44. Kh4 d2 45. Re4 Qg5+ 46. Kg3 Bb3 47. Kf2 d1Q 48. Rxd1 Bxd1 49. Ne3 Rf4 50. Rxf4 Qxf4 51. Nxd1 Qd2+ 52. Kg3 Qxd1 0-1

[Event "POL-chT rapid"]
[Site "Zgierz"]
[Date "2018.03.03"]
[Round "7.7"]
[White "Kanarek, Marcel"]
[Black "Masternak, Grzegorz"]
[Result "1-0"]
[WhiteElo "2506"]
[BlackElo "2330"]
[PlyCount "63"]
[EventDate "2018.03.03"]
[EventType "team-swiss (rapid)"]
[EventRounds "9"]
[EventCountry "POL"]
[SourceTitle "CBM 183 Extra"]
[Source "ChessBase"]
[SourceDate "2018.04.19"]
[SourceVersion "1"]
[SourceVersionDate "2018.04.19"]
[SourceQuality "1"]
[WhiteTeam "Gorzow Wielkopolski Stilon"]
[BlackTeam "Katowice Wasko"]
[WhiteTeamCountry "POL"]
[BlackTeamCountry "POL"]

1. e4 d6 2. d4 Nf6 3. Nc3 e5 4. Nf3 Nbd7 5. Bc4 Be7 6. 0-0 0-0 7. a4 c6 8. Ba2 Qc7 9. Re1 b6 10. h3 Bb7 11. dxe5 dxe5 12. Nh4 Rfe8 13. Nf5 Bf8 14. Qf3 h6 15. Qg3 Nh5 16. Qg6 Ndf6 17. Nxh6+ Kh8 18. Nxf7+ Kg8 19. Nxe5+ Kh8 20. Nf7+ Kg8 21. Nd6+ Kh8 22. Nxe8 Rxe8 23. Bg5 Bc5 24. Be3 Bxe3 25. Rxe3 Nf4 26. Qg5 Qe5 27. Qxe5 Rxe5 28. Rd1 Kh7 29. Ne2 Ne6 30. f4 Rxe4 31. Rxe4 Nxe4 32. Bxe6 1-0

[Event "EU-ch blitz"]
[Site "Katowice"]
[Date "2017.12.15"]
[Round "5"]
[White "Masternak, Grzegorz"]
[Black "Gajewski, Grzegorz"]
[Result "0-1"]
[WhiteElo "2330"]
[BlackElo "2601"]
[PlyCount "74"]
[EventDate "2017.12.15"]
[EventType "swiss (blitz)"]
[EventRounds "22"]
[EventCountry "POL"]
[SourceTitle "CBM 182 Extra"]
[Source "ChessBase"]
[SourceDate "2018.02.23"]
[SourceVersion "1"]
[SourceVersionDate "2018.02.23"]
[SourceQuality "1"]

1. e4 c5 2. Nc3 a6 3. g3 b5 4. Bg2 Bb7 5. f4 e6 6. Nh3 Nf6 7. d3 d5 8. e5 Nfd7 9. 0-0 g6 10. Ne2 Nc6 11. c3 b4 12. a3 Qb6 13. axb4 cxb4+ 14. d4 a5 15. Be3 Ba6 16. Rf2 Be7 17. f5 gxf5 18. Bg5 h6 19. Bxe7 Kxe7 20. Nhf4 Qb5 21. Bf1 Qb7 22. Bg2 Nb6 23. Nh5 Nc4 24. Qc1 bxc3 25. bxc3 Qb2 26. Nf6 Qxc1+ 27. Nxc1 Rhb8 28. Nd3 a4 29. Rxa4 Nb6 30. Rxa6 Rxa6 31. Nc5 Ra1+ 32. Rf1 Rxf1+ 33. Bxf1 Ra8 34. Bb5 Ra1+ 35. Kg2 Na7 36. Ba6 Na4 37. Nxa4 Rxa4 0-1

[Event "EU-ch blitz"]
[Site "Katowice"]
[Date "2017.12.15"]
[Round "16"]
[White "Masternak, Grzegorz"]
[Black "Polzin, Rainer"]
[Result "1/2-1/2"]
[WhiteElo "2330"]
[BlackElo "2404"]
[PlyCount "112"]
[EventDate "2017.12.15"]
[EventType "swiss (blitz)"]
[EventRounds "22"]
[EventCountry "POL"]
[SourceTitle "CBM 182 Extra"]
[Source "ChessBase"]
[SourceDate "2018.02.23"]
[SourceVersion "1"]
[SourceVersionDate "2018.02.23"]
[SourceQuality "1"]

1. e4 g6 2. Nc3 c5 3. g3 Bg7 4. Bg2 Nc6 5. d3 d6 6. Be3 e5 7. Qd2 h5 8. h3 Nge7 9. f4 Nd4 10. Nf3 Nxf3+ 11. Bxf3 Nc6 12. Bg2 Nd4 13. 0-0 h4 14. g4 exf4 15. Bxf4 Be6 16. Nd5 f6 17. Rf2 0-0 18. Raf1 Nc6 19. c3 g5 20. Be3 Ne5 21. b3 Rf7 22. d4 cxd4 23. cxd4 Nd7 24. Nc3 Rf8 25. Nb5 Nb6 26. d5 Bc8 27. Nd4 Qe7 28. Nf5 Bxf5 29. Rxf5 Nd7 30. Bd4 b6 31. R1f2 Rac8 32. Qd3 Ne5 33. Bxe5 dxe5 34. Rc2 Rxc2 35. Qxc2 Qd7 36. Rf2 Rc8 37. Qd3 Qc7 38. Bf1 Qc3 39. Qxc3 Rxc3 40. Bc4 Kf8 41. d6 Ke8 42. Be6 Rc6 43. d7+ Kd8 44. Bf5 Bf8 45. Kf1 Bb4 46. Ke2 a5 47. Kd1 Rc3 48. Rc2 Rxc2 49. Kxc2 Bc5 50. Kd3 b5 51. a4 bxa4 52. bxa4 Bb4 53. Kc4 Ba3 54. Kd5 Ke7 55. Kc6 Kd8 56. Be6 Bb4 1/2-1/2

[Event "EU-ch blitz"]
[Site "Katowice"]
[Date "2017.12.15"]
[Round "15"]
[White "Polzin, Rainer"]
[Black "Masternak, Grzegorz"]
[Result "1-0"]
[WhiteElo "2404"]
[BlackElo "2330"]
[PlyCount "82"]
[EventDate "2017.12.15"]
[EventType "swiss (blitz)"]
[EventRounds "22"]
[EventCountry "POL"]
[SourceTitle "CBM 182 Extra"]
[Source "ChessBase"]
[SourceDate "2018.02.23"]
[SourceVersion "1"]
[SourceVersionDate "2018.02.23"]
[SourceQuality "1"]

1. e4 d6 2. d4 Nf6 3. Nc3 e5 4. Nf3 Nbd7 5. Bc4 Be7 6. a4 0-0 7. 0-0 c6 8. Re1 Qc7 9. b3 b6 10. Ba3 a6 11. dxe5 Nxe5 12. Be2 Bb7 13. Nd4 c5 14. Nf5 Nxe4 15. Nxe7+ Qxe7 16. Nxe4 Bxe4 17. f3 Bb7 18. f4 Ng6 19. Bxa6 Qc7 20. Bxb7 Qxb7 21. Qd2 d5 22. f5 Ne7 23. f6 Ng6 24. fxg7 Rfe8 25. Bb2 d4 26. c3 dxc3 27. Bxc3 Rad8 28. Rxe8+ Rxe8 29. Re1 Rxe1+ 30. Qxe1 Qd7 31. h3 h5 32. Qe3 h4 33. Qf3 f6 34. Bxf6 Qe6 35. Qa8+ Kh7 36. Qh8+ Nxh8 37. gxh8Q+ Kg6 38. Qg7+ Kf5 39. Qg5+ Ke4 40. Qxh4+ Kd3 41. Bd8 Qe3+ 1-0

[Event "Trzcianka Dziedzic Memorial 5th"]
[Site "Trzcianka"]
[Date "2015.04.19"]
[Round "3"]
[White "Wojtaszek, Radoslaw"]
[Black "Masternak, Grzegorz"]
[Result "0-1"]
[WhiteElo "2737"]
[BlackElo "2330"]
[PlyCount "69"]
[EventDate "2015.04.19"]
[EventType "swiss (rapid)"]
[EventRounds "9"]
[EventCountry "POL"]
[SourceTitle "CBM 166 Extra"]
[Source "ChessBase"]
[SourceDate "2015.06.18"]
[SourceVersion "1"]
[SourceVersionDate "2015.06.18"]
[SourceQuality "1"]

1. d4 d5 2. c4 Nc6 3. Nf3 Bg4 4. cxd5 Bxf3 5. gxf3 Qxd5 6. e3 e5 7. Nc3 Bb4 8. a3 Bxc3+ 9. bxc3 Qd7 10. Rb1 0-0-0 11. Bg2 f5 12. Qb3 b6 13. Qb5 Kb8 14. a4 Nge7 15. f4 exf4 16. 0-0 f3 17. Bxf3 f4 18. e4 g5 19. e5 Nd5 20. Bd2 g4 21. Bxd5 Qxd5 22. Qxd5 Rxd5 23. Bxf4 Rf8 24. Be3 Na5 25. Rfe1 a6 26. Kg2 h5 27. Bh6 Re8 28. Kg3 Nc4 29. Kh4 c5 30. Re4 Kb7 31. Kxh5 cxd4 32. cxd4 Rh8 33. Kg6 Rxh6+ 34. Kxh6 Nd2 35. Rbe1 0-1

[Event "Terre degli Elimi op 4th"]
[Site "Erice"]
[Date "2013.07.26"]
[Round "4"]
[White "Masternak, Grzegorz"]
[Black "Martinez, Ayelen"]
[Result "1-0"]
[WhiteElo "2339"]
[BlackElo "2103"]
[PlyCount "85"]
[EventDate "2013.07.24"]
[EventType "swiss"]
[EventRounds "7"]
[EventCountry "ITA"]
[SourceTitle "EXT 2015"]
[Source "ChessBase"]
[SourceDate "2014.11.20"]
[SourceVersion "1"]
[SourceVersionDate "2014.11.20"]
[SourceQuality "1"]

1. e4 c5 2. Nc3 a6 3. g3 b5 4. Bg2 Bb7 5. f4 e6 6. d3 Nf6 7. Nf3 d5 8. e5 Nfd7 9. 0-0 Nc6 10. Ne2 b4 11. c3 a5 12. Be3 Be7 13. g4 h5 14. gxh5 Rxh5 15. Ng3 Rh7 16. d4 g6 17. a3 Qb6 18. axb4 cxb4 19. Rf2 b3 20. Bf1 a4 21. Nd2 Bh4 22. Bd3 Bxg3 23. hxg3 Ke7 24. Nf3 Rah8 25. Rh2 Rxh2 26. Nxh2 Ncxe5 27. fxe5 Nxe5 28. Ng4 Nc4 29. Bg5+ Kd7 30. Qe2 a3 31. Nf6+ Kc8 32. bxa3 Qc7 33. Bf4 e5 34. Qg4+ Kb8 35. Nd7+ Ka8 36. Nxe5 Nxe5 37. Bxe5 Qxc3 38. Rd1 Re8 39. Qf4 b2 40. Qd2 Qxa3 41. Rb1 f6 42. Rxb2 Ba6 43. Ra2 1-0

[Event "Oberliga Ost-A 1213"]
[Site "Germany"]
[Date "2012.11.10"]
[Round "2.4"]
[White "Niering, Martin"]
[Black "Masternak, Grzegorz"]
[Result "0-1"]
[WhiteElo "2172"]
[BlackElo "2327"]
[PlyCount "88"]
[EventDate "2012.10.14"]
[EventType "team-tourn"]
[EventRounds "11"]
[EventCountry "GER"]
[SourceTitle "EXT 2014"]
[Source "ChessBase"]
[SourceDate "2013.11.20"]
[SourceVersion "1"]
[SourceVersionDate "2013.11.20"]
[SourceQuality "1"]
[WhiteTeam "Magdeburg Rochade"]
[BlackTeam "Plauen Koenig"]
[WhiteTeamCountry "GER"]
[BlackTeamCountry "GER"]

1. e4 e6 2. d4 d5 3. Nc3 Bb4 4. e5 Ne7 5. Bd2 c5 6. Nb5 Bxd2+ 7. Qxd2 0-0 8. f4 a6 9. Nd6 cxd4 10. Nf3 Nbc6 11. Bd3 f6 12. 0-0 Bd7 13. Qe1 Nc8 14. Nxc8 Rxc8 15. a3 Qe7 16. Qh4 g6 17. Qg3 Qg7 18. Rae1 Rce8 19. Re2 Re7 20. Rfe1 Ref7 21. h3 fxe5 22. fxe5 Rf4 23. Nh2 g5 24. Ng4 h5 25. Nf6+ R8xf6 26. exf6 Qxf6 27. Rxe6 Bxe6 28. Rxe6 Qxe6 29. Qxg5+ Kf8 30. Qxf4+ Ke7 31. Qg5+ Kd6 32. Qg6 Qxg6 33. Bxg6 h4 34. Kf2 Ne5 35. Bd3 Nc4 36. Bxc4 dxc4 37. g3 hxg3+ 38. Kxg3 b5 39. Kf3 Ke5 40. h4 a5 41. h5 a4 42. h6 Kf6 43. Ke4 b4 44. Kxd4 c3 0-1

[Event "BL2-Ost 1112"]
[Site "Germany"]
[Date "2012.02.26"]
[Round "7.3"]
[White "Schoeneberg, Manfred"]
[Black "Masternak, Grzegorz"]
[Result "0-1"]
[WhiteElo "2279"]
[BlackElo "2328"]
[PlyCount "68"]
[EventDate "2011.10.02"]
[EventType "team-tourn"]
[EventRounds "9"]
[EventCountry "GER"]
[SourceTitle "EXT 2015"]
[Source "ChessBase"]
[SourceDate "2014.11.20"]
[SourceVersion "1"]
[SourceVersionDate "2014.11.20"]
[SourceQuality "1"]
[WhiteTeam "Leipzig SG"]
[BlackTeam "Plauen Koenig"]
[WhiteTeamCountry "GER"]
[BlackTeamCountry "GER"]

1. e4 e6 2. d4 d5 3. Nc3 Bb4 4. e5 Ne7 5. a3 Bxc3+ 6. bxc3 c5 7. Nf3 Qa5 8. Bd2 Nbc6 9. a4 Bd7 10. Bd3 c4 11. Be2 f6 12. 0-0 Ng6 13. exf6 gxf6 14. Ne1 0-0-0 15. f4 Nh4 16. Kh1 Rhg8 17. g3 Nf5 18. Ng2 Be8 19. g4 Nd6 20. Qe1 Bg6 21. Ne3 Be4+ 22. Bf3 Qc7 23. Bxe4 Nxe4 24. f5 Qf7 25. Qe2 h5 26. Nxc4 hxg4 27. Bf4 g3 28. hxg3 e5 29. dxe5 fxe5 30. Nxe5 Nxe5 31. Bxe5 Rde8 32. Qh2 Rxe5 33. g4 Ree8 34. Qf4 Qh7+ 0-1

[Event "BL2-Ost 1011"]
[Site "Germany"]
[Date "2011.02.06"]
[Round "6.4"]
[White "Quast, Michael"]
[Black "Masternak, Grzegorz"]
[Result "1-0"]
[WhiteElo "2287"]
[BlackElo "2336"]
[PlyCount "99"]
[EventDate "2010.10.10"]
[EventType "team-tourn"]
[EventRounds "9"]
[EventCountry "GER"]
[SourceTitle "EXT 2012"]
[Source "ChessBase"]
[SourceDate "2011.11.24"]
[SourceVersion "1"]
[SourceVersionDate "2011.11.24"]
[SourceQuality "1"]
[WhiteTeam "Chemnitz USG"]
[BlackTeam "Koenig Plauen"]
[WhiteTeamCountry "GER"]
[BlackTeamCountry "GER"]

1. d4 d5 2. Nf3 Nf6 3. Bf4 c5 4. c3 Nc6 5. e3 Qb6 6. Na3 c4 7. Qc1 Bf5 8. Be2 e6 9. Nc2 h6 10. h3 Be7 11. Ne5 0-0 12. 0-0 Rac8 13. Re1 Qa5 14. f3 b5 15. e4 dxe4 16. Ne3 Bh7 17. fxe4 Nxe5 18. Bxe5 Nxe4 19. Bf3 Bg5 20. Qd1 Nf6 21. Bb7 Rcd8 22. Qf3 Qb6 23. Bxf6 Bxf6 24. Ng4 Bg5 25. Ne5 Bf6 26. Ng4 Bg5 27. Ne5 f6 28. Ng4 Rd7 29. Ba8 Rdd8 30. Bb7 Rd7 31. Bc6 Rd6 32. Ba8 e5 33. Bd5+ Kh8 34. Nxe5 Rxd5 35. Nf7+ Rxf7 36. Re8+ Bg8 37. Qxd5 Qb7 38. Qd8 f5 39. Rxg8+ Kh7 40. Rh8+ Kg6 41. Qd6+ Rf6 42. Qb8 Be3+ 43. Kf1 Qe4 44. Qe8+ Kg5 45. Qxe4 fxe4+ 46. Ke2 Bf2 47. Re8 e3 48. d5 Rd6 49. Rd1 Kf5 50. Re7 1-0

[Event "Warsaw AIG Life rapid 7th"]
[Site "Warsaw"]
[Date "2007.12.15"]
[Round "6"]
[White "Wojtaszek, Radoslaw"]
[Black "Masternak, Grzegorz"]
[Result "1-0"]
[WhiteElo "2635"]
[BlackElo "2351"]
[PlyCount "71"]
[EventDate "2007.12.15"]
[EventType "swiss (rapid)"]
[EventRounds "13"]
[EventCountry "POL"]
[SourceTitle "CBM 121 Extra"]
[Source "ChessBase"]
[SourceDate "2008.01.10"]
[SourceVersion "1"]
[SourceVersionDate "2008.01.10"]
[SourceQuality "1"]

1. d4 d5 2. Nf3 Nf6 3. c4 e6 4. g3 Be7 5. Bg2 0-0 6. 0-0 dxc4 7. Nc3 Bd7 8. Ne5 Bc6 9. e4 a6 10. Nxc4 Bb5 11. b3 Nc6 12. Be3 Qd7 13. h3 Rad8 14. Ne2 Qc8 15. Qc1 e5 16. d5 Nb8 17. a4 Bxc4 18. bxc4 c5 19. Qc3 Bd6 20. f4 Nbd7 21. f5 Ne8 22. g4 f6 23. h4 Nc7 24. a5 b5 25. axb6 Nxb6 26. g5 Qd7 27. Ng3 Rb8 28. Qc2 Nc8 29. Kh2 Be7 30. Rg1 Nd6 31. Bf1 Kh8 32. Qe2 Qe8 33. g6 hxg6 34. fxg6 Qxg6 35. Nf5 Qe8 36. Bh3 1-0

[Event "POL-chT 1st League"]
[Site "Ustron"]
[Date "2003.09.07"]
[Round "2"]
[White "Stysiak, Szymon"]
[Black "Masternak, Grzegorz"]
[Result "0-1"]
[WhiteElo "2207"]
[BlackElo "2378"]
[PlyCount "48"]
[EventDate "2003.09.06"]
[EventType "team-tourn"]
[EventRounds "9"]
[EventCountry "POL"]
[SourceTitle "EXT 2005"]
[Source "ChessBase"]
[SourceDate "2004.11.15"]
[SourceVersion "1"]
[SourceVersionDate "2004.11.15"]
[SourceQuality "1"]
[WhiteTeam "Raciborz Rzemioslo"]
[BlackTeam "Szopienice HetMaN"]
[WhiteTeamCountry "POL"]
[BlackTeamCountry "POL"]

1. d4 d5 2. c4 e6 3. Nc3 Nf6 4. Bg5 Nbd7 5. Nf3 Bb4 6. cxd5 exd5 7. e3 c5 8. Bd3 Qa5 9. Qc2 c4 10. Bf5 0-0 11. 0-0 Re8 12. Bh4 g6 13. Bh3 Bxc3 14. bxc3 Ne4 15. Rfc1 Nb6 16. Bxc8 Raxc8 17. Ne5 Qa4 18. f3 Qxc2 19. Rxc2 Nd6 20. Bg5 Re6 21. Ng4 h5 22. Nf2 Rce8 23. Bf4 Nbc8 24. Re2 f6 0-1